000 00815nam a22002057a 4500
999 _c16432
_d16432
003 AR-CdUCM
008 190503b ||||| |||| 00| 0 spa d
040 _aMUNICIPALIDAD PROVINCIAL DEL CUSCO
_cBIBLIOTECA MUNICIPAL DEL CUSCO
082 _a331.8 /
_bF38 / 1906
100 _aFernández LL, Raúl
_935879
245 _aLos orígenes del movimiento obrero en Arequipa :
_bEl partido liberal y el 1° de mayo de 1906 /
260 _aArequipa :
_bAmauta,
_c1906.
300 _a256 páginas ;
_c18 cm.
505 _aContenido : Arequipa : El movimiento liberal y las luchas populares -- De "El ariete" al centro social obrero -- El 1° de mayo de 1906 en Arequipa ...
650 _aEl 1° de mayo
_935880
650 _aArequipa
_91703
650 _aObrero
_930308
942 _2ddc
_cLIBROS
945 _arah
_d03/05/2019